| 000 | 01226cam a2200325 i 4500 | ||
|---|---|---|---|
| 001 | 3978419 | ||
| 003 | EG-ScBUE | ||
| 005 | 20240229113933.0 | ||
| 008 | 950419r20031996enk f b 001 0 eng d | ||
| 020 | _a0415107598 | ||
| 020 | _a9780415107594 | ||
| 040 |
_aDLC _beng _erda _cDLC _dDLC _dEG-ScBUE |
||
| 043 | _aa-is--- | ||
| 082 | 0 | 4 |
_a933.0072 _222 _bWHI |
| 100 | 1 |
_aWhitelam, Keith W., _eauthor. |
|
| 245 | 1 | 4 |
_aThe invention of ancient Israel : _bthe silencing of Palestinian history / _cKeith W. Whitelam. |
| 250 | _aReprinted edition. | ||
| 264 | 1 |
_aLondon ; _aNew York, NY : _bRoutledge, _c2003. |
|
| 300 |
_aviii, 281 pages ; _c23 cm |
||
| 336 |
_2rdacontent _atext _btxt |
||
| 337 |
_aunmediated _2rdamedia _bn |
||
| 338 |
_avolume _bnc _2rdacarrier |
||
| 504 | _aIncludes bibliographical references and index. | ||
| 650 | 7 |
_2BUEs _aJews _xHistory _yTo 70 A.D. _xHistoriography. |
|
| 651 | 7 |
_2BUEsh _aPalestine _xHistory _yTo 70 A.D. _xHistoriography. |
|
| 655 | _vReading book | ||
| 856 | 4 | 2 |
_3Publisher description _uhttp://www.loc.gov/catdir/enhancements/fy0648/95014120-d.html |
| 942 |
_2ddc _cBB |
||
| 999 |
_c10296 _d10296 |
||